Loading...
| Auditory Arts | 6 | 1 | 0 | 0 | 100 | 25 | 54.43 | 7 | 7 | 37.26 | 63.64 |
| Visual Arts | 5 | 0 | 1 | 0 | 70 | 18 | 61.80 | 3 | 5 | 24.68 | 40.91 |
| Fine Arts - Other Arts | 2 | 2 | 0 | 1 | 50 | 56 | 83.50 | 2 | 4 | 14.07 | 25.00 |
| Literature - American | 0 | 2 | 0 | 0 | 20 | 61 | 87.00 | 0 | 1 | 7.21 | 9.09 |
| Social Science | 0 | 2 | 0 | 0 | 20 | 73 | 88.00 | 0 | 2 | 2.84 | 8.82 |
| Science - Other | 1 | 0 | 0 | 0 | 15 | 49 | 49.00 | 1 | 1 | 5.53 | 9.09 |
| Literature - British | 1 | 0 | 0 | 0 | 15 | 49 | 49.00 | 1 | 1 | 5.89 | 4.55 |
| Other Academic | 1 | 0 | 0 | 0 | 15 | 73 | 73.00 | 0 | 1 | 15.44 | 16.67 |
| Science - Physics | 0 | 1 | 0 | 0 | 10 | 117 | 117.00 | 0 | 1 | 0.85 | 4.55 |
| Geography | 0 | 1 | 0 | 0 | 10 | 72 | 72.00 | 0 | 1 | 9.75 | 12.50 |